O činitelích úspěšnosti dodavatelského řetězce

Analýza dodávateľských reťazcov pre spotrebný tovar identifikovala šesť štatisticky významných činiteľov úspešnosti: 1. Kooperácia v dodávateľskom reťazci, 2. Pružná výroba, 3. Integrovaná organizácia dodávateľského reťazca, 4. Stratégia segmentácia, 5. Plánovanie dodávateľského reťazca, 6. Controll...

Description complète

Enregistré dans:
Détails bibliographiques
Format: Chapitre de livre
Langue:tchèque
Sujets:
Tags: Ajouter un tag
Pas de tags, Soyez le premier à ajouter un tag!

MARC

LEADER 00000naa$a2200000$$$4500
001 0008856
005 20231113114559.7
041 0 |a cze 
044 |a CZ 
245 1 0 |a O činitelích úspěšnosti dodavatelského řetězce 
520 |a Analýza dodávateľských reťazcov pre spotrebný tovar identifikovala šesť štatisticky významných činiteľov úspešnosti: 1. Kooperácia v dodávateľskom reťazci, 2. Pružná výroba, 3. Integrovaná organizácia dodávateľského reťazca, 4. Stratégia segmentácia, 5. Plánovanie dodávateľského reťazca, 6. Controlling dodávateľského reťazca. 
610 2 0 |a reťazce dodávateľsko-odberateľské 
610 2 0 |a tovar spotrebný 
610 2 0 |a výroba 
610 2 0 |a plánovanie 
610 2 0 |a kontroling